LIBRARY & INFORMATION CENTRE, KCAET, TAVANUR

ONLINE PUBLIC ACCESS CATALOGUE (OPAC)

A Text Book of Surveying, SI. Units (Record no. 14413)

MARC details
000 -LEADER
fixed length control field 00306nam a22001217a 4500
082 ## - DEWEY DECIMAL CLASSIFICATION NUMBER
Classification number 624.1517
Item number KOC/TE
100 ## - MAIN ENTRY--AUTHOR NAME
Personal name Kochher,C.I
245 ## - TITLE STATEMENT
Title A Text Book of Surveying, SI. Units
250 ## - EDITION STATEMENT
Edition statement 11 th
260 ## - PUBLICATION, DISTRIBUTION, ETC. (IMPRINT)
Place of publication New Delhi
Name of publisher Dhanpat Rai Publishing Company (P) Ltd
Year of publication 2010
300 ## - PHYSICAL DESCRIPTION
Number of Pages 555
942 ## - ADDED ENTRY ELEMENTS (KOHA)
Koha item type Books
Holdings
Withdrawn status Lost status Damaged status Collection code Home library Current library Shelving location Date acquired Source of acquisition Cost, normal purchase price Full call number Accession Number Koha item type
        KAUAET KAUAET Fiction 30/03/2013 Aman Book Stall, Calicut 160.00 624.1517 KOC/TE 23997 Books
free website counter